La sociedad conquistada por la comunicación

Guardat en:
Dades bibliogràfiques
Autor principal: Miège, Bernard (autor)
Format: Llibre
Idioma:espanyol
Publicat: Barcelona Promoción y Publicaciones Universitarias 1992
Edició:1a. ed
Col·lecció:Colección Comunicación y Relaciones Públicas, 10
Matèries:
Etiquetes: Afegir etiqueta
Sense etiquetes, Sigues el primer a etiquetar aquest registre!

MARC

LEADER 00000cam a2200000 a 4500
001 UCG7996
003 CL-VaPUC
008 111104e19920000SP |||||||||||||||||spa|d
020 |a 8476659350 
082 0 4 |a 302.2  |b MIE  |2 21 
100 |a Miège, Bernard  |e autor  |9 558495 
245 1 3 |a La sociedad conquistada por la comunicación 
250 |a 1a. ed 
300 |a 167 p 
942 |c BK 
945 |d 20111104 00:00:00  |a dcastane 
260 |a Barcelona  |b Promoción y Publicaciones Universitarias  |c 1992 
650 0 |a Comunicación social  |9 334226 
650 0 |a Medios de comunicación de masas  |9 257273 
650 0 |a Comunicación   |9 257251 
650 0 |a Opinión pública  |9 255512 
583 |a last modification  |c 20111104 14:34:00  |k Rodrigo Vera 
490 0 |a Colección Comunicación y Relaciones Públicas, 10 
999 |c 345655  |d 345653 
952 |0 0  |1 0  |4 0  |6 302_200000000000000_MIE_1992  |7 0  |8 A  |9 444623  |a BIBARQ  |b BIBARQ  |d 2019-11-22  |i 479396K  |o 302.2 MIE 1992  |p 479396K  |r 2025-01-20  |w 2019-11-22  |y BK  |k ARQ